| 000 | 00551nam a22001697a 4500 | ||
|---|---|---|---|
| 999 |
_c8536 _d8536 |
||
| 008 | 201202b ||||| |||| 00| 0 eng d | ||
| 040 | _aBMS College of Architecture | ||
| 100 | _aMohan, Anjana | ||
| 245 | _aHwarang Kalari - cultural confluence and design | ||
| 300 | _a36p. | ||
| 500 | _a1BM13AT034 | ||
| 502 |
_8B,Arch _NBMS College of Architecture, Visvesvaraya Technological University (VTU) _aProject report _d2017 |
||
| 650 | _aCultural confluence | ||
| 700 |
_aBhagyalaxmi Madapur _eGuide |
||
| 700 |
_aSwetha Gowri _eGuide |
||
| 942 |
_2ddc _cTHE |
||